Nákupné zvyklosti mení aj počasie

Takmer 60 percent občanov sa k internetu pripája s cieľom hľadať informácie o tovaroch a službách. Nakupovanie na internete. V horúčavách nakupujeme inak. Viac využívame internetbanking. Hitom je online poistenie.

Salvato in:
Dettagli Bibliografici
Natura: Capitolo di libro
Lingua:slovacco
Soggetti:
Tags: Aggiungi Tag
Nessun Tag, puoi essere il primo ad aggiungerne!!

MARC

LEADER 00000naa a2200000 4500
001 0175483
005 20231109070701.1
041 0 |a slo 
044 |a SK 
245 1 0 |a Nákupné zvyklosti mení aj počasie 
520 |a Takmer 60 percent občanov sa k internetu pripája s cieľom hľadať informácie o tovaroch a službách. Nakupovanie na internete. V horúčavách nakupujeme inak. Viac využívame internetbanking. Hitom je online poistenie. 
610 2 0 |a nákup 
610 2 0 |a správanie spotrebiteľa 
610 2 0 |a počasie 
610 2 0 |a obchod elektronický 
610 2 0 |a internetbanking